Tourism satellite account : recommended methodological framework

Αποθηκεύτηκε σε:
Λεπτομέρειες βιβλιογραφικής εγγραφής
Συγγραφή απο Οργανισμό/Αρχή: Commission of the European Communities
Μορφή: Βιβλίο
Γλώσσα:English
Δημοσίευση: Luxembourg : Commission of the European Communities, Eurostat, 2001.
Θέματα:
Ετικέτες: Προσθήκη ετικέτας
Δεν υπάρχουν, Καταχωρήστε ετικέτα πρώτοι!

MARC

LEADER 00000cam a2200000 i 4500
001 1/70744
008 050201s2001 lu | ||| |||| ||eng||
020 |a 9284404371 (WTO)  |q (WTO) 
020 |a 9264176969 (OECD)  |q (OECD) 
020 |a 9211614381 (United Nations)  |q (United Nations) 
035 |l 10076321 
040 |a GR-MyUa  |b gre  |e AACR2 
041 0 |a eng 
082 7 |a 338.479100727   |2 (21) 
245 0 0 |a Tourism satellite account :   |b recommended methodological framework /   |c Statistical Office of the European Communities, United Nations Statistics Division, Organisation for Economic Cooperation and Development and the World Tourism Organization. 
260 |a Luxembourg :   |b Commission of the European Communities, Eurostat,   |c 2001. 
300 |a xii, 138 σ. :   |b εικ. ;   |c 28 εκ. 
504 |a Περιλαμβάνει βιβλιογραφία και ευρετήριο. 
650 0 |a Tourism  |x Statistical methods. 
710 2 |a Commission of the European Communities. 
852 |a INST  |b CHIOS  |e 20050201  |h 338.479100727 COM  |p 005200022360  |q 005200022360  |t BK  |y 0 
901 |a BIBL2-2005-1 
970 |a Σπέντζα  |b Ελένη  |z 01/02/2005